Guess the song title with the lyrics! - Statistics

General Stats
  • This quiz has been taken 233 times
  • The average score is 11 of 17
Answer Stats
Hint Answer % Correct
Hey, I've just met you, and this is crazy, but here's my number, So....... "Call Me Maybe"
98%
Yeah..I'm gonna take my horse to the....... "Old Town Road"
90%
Well you only need a light when it's burning lowOnly miss the sun when it starts to snow Only know you love her when you...... "Let her go"
88%
I'm in love with your bodyEveryday discovering something brand new I'm in love with the ....... "Shape of you"
83%
Dancing through the fire'Cause I am the champion And you're gonna hear me.... "Roar"
82%
....... from the other sideI must've called a thousand times "Hello"
81%
Is this a real life?Is this just fantasy? Caught in a landslide No escape from reality "Bohemian Rhapsody"
75%
When you fall, get up, oh ohIf you fall, get up, eh, eh Tsamina mina zangalewa 'Cause this is Africa "Waka waka"
73%
Wish we could turn back time, to the good old daysWhen our momma sang us to sleep, but now we're ...... "Stressed out"
71%
Make your girlfriend mad tightMight seduce your dad type I'm a ....... Duh "Bad guy"
69%
Don't believe me, just watchDon't believe me, just watch Don't believe me, just watch Hey, hey, hey, oh! "Uptown Funk"
68%
You like my hair? Gee, thanks, just bought itI see it, I like it, I want it, I got it "7 rings"
64%
Now this looks like a job for meSo everybody, just follow me 'Cause we need a little controversy 'Cause it feels so empty ..... "Without me"
60%
Speaking my lesson from the brain Seeing the beauty through the... Pain!You made me a, you made me a........ "Believer"
50%
With the lights out, it's less dangerousHere we are now, entertain us Feel so stupid and contagious "Smells like Teen spirit"
39%
So never mind the darkness, We still can find a way Nothing lasts forever, even cold..... "November Rain"
13%
What I've felt, what I've knownNever shined through in what I've shown Never free Never me So I dub thee ..... "Unforgiven"
9%
No matching quizzes found
Score Distribution
Percent of People with Each Score
Percentile by Number Answered
Your Score History
You have not taken this quiz